| 000 | 01038 a2200241 4500 | ||
|---|---|---|---|
| 003 | Nust | ||
| 005 | 20220729124406.0 | ||
| 020 | _a1-891121-62-6 | ||
| 020 | _a978-1-891121-62-3 | ||
| 035 | _a(OCoLC)123538851 | ||
| 035 | _a(OCoLC)ocn123538851 | ||
| 040 | _cNust | ||
| 082 | _a355.401,ADA | ||
| 100 | 1 |
_aAdamy, David. _928757 |
|
| 245 | 1 | 0 |
_aIntroduction to electronic warfare modeling and simulation / _cDavid L. Adamy. |
| 250 | _a1st SciTech Publishing ed. | ||
| 260 |
_aRaleigh, NC: _bSciTech Publishing,, _cc2006. |
||
| 300 |
_axiii, 228 p. : _bill. ; _c24 cm. |
||
| 505 | _aIntroduction (Page-1), Overview of EW (Page-11), Math for Simulation (Page-61), Radio Propagation (Page-83), Characterization of EW Equipment (Page-109), Threat Modeling (Page-139), Engaement Modeling (Page-161), Simulation for Treaning (Page-183), Emulation (Page-193), | ||
| 650 | 0 |
_aElectronics in military engineering _xComputer simulation. _995785 |
|
| 650 | 0 |
_aElectronics in military engineering _xMathematical models. _995786 |
|
| 942 |
_2ddc _cBK |
||
| 999 |
_c219384 _d219384 |
||